كيف تقرأ القرآن / (رقم التسجيلة. 97046)
[ عرض عادي ]
| 000 -الفاتح | |
|---|---|
| عناصر البيانات ثابتة الطول | 00579cam a2200181 i 4500 |
| 005 - تاريخ ووقت آخر معاملة | |
| حقل ضبط | 20251123123800.0 |
| 008 - عناصر البيانات ثابتة الطول | |
| عناصر البيانات ثابتة الطول | 250721s2005 sy gr 000 0 ara d |
| 082 14 - رقم تصنيف ديوي العشري | |
| رقم التصنيف | 211.2 |
| رقم المادة | ح ب ش |
| 100 1# - مدخل رئيسي – اسم شخصي | |
| الاسم الشخصي | الحبش، محمد |
| علاقة الشخص بالعمل/ دوره | مؤلف. |
| 245 10 - بيان العنوان | |
| العنوان | كيف تقرأ القرآن / |
| بيان المسؤولية | تأليف الدكتور محمد الحبش. |
| 264 31 - بيانات النشر، التوزيع…إلخ | |
| مكان النشر، التوزيع...إلخ | دمشق : |
| اسم الناشر، الموزع...إلخ | دار العصماء، |
| تاريخ النشر، التوزيع...إلخ | 2005. |
| 300 ## - الوصف المادي | |
| عدد الوحدات المكونة للوعاء | 183صفحة. |
| 650 17 - مدخل إضافي بالموضوع - مصطلح موضوعي | |
| مصطلح موضوعي أو اسم جغرافي كعنصر مدخل | التجويد. |
| 650 17 - مدخل إضافي بالموضوع - مصطلح موضوعي | |
| مصطلح موضوعي أو اسم جغرافي كعنصر مدخل | القرآن الكريم. |
| 650 17 - مدخل إضافي بالموضوع - مصطلح موضوعي | |
| مصطلح موضوعي أو اسم جغرافي كعنصر مدخل | أحكام التجويد. |
| 942 ## - بيانات إضافية (كوها) | |
| نوع التنصيف | Dewey Decimal Classification |
| نوع المادة (كوها) | كتب |
| حالة السحب | حالة الفقدان | مصدر التصنيف | حالة التلف | غير قابل للإعارة | المكتبة الرئيسية | المكتبة الحالية | موقع الرف | تاريخ التزويد | الرقم المتسلسل | Total Checkouts | رقم الإستدعاء | الباركود | تاريخ آخر ظهور | تاريخ الفاتورة | نوع المادة (كوها) |
|---|---|---|---|---|---|---|---|---|---|---|---|---|---|---|---|
| Dewey Decimal Classification | المكتبة المركزية | المكتبة المركزية | الإعارة | 28/07/2025 | 884428 | 211.2 / ح ب ش | 884428 | 28/07/2025 | 28/07/2025 | كتب | |||||
| Dewey Decimal Classification | مكتبة الأميرة ايمان العامة | مكتبة الأميرة ايمان العامة | الإعارة | 28/07/2025 | 884430 | 211.2/حبش | 884430 | 28/07/2025 | 28/07/2025 | كتب | |||||
| Dewey Decimal Classification | مكتبة الراية الهاشمية للأطفال | مكتبة الراية الهاشمية للأطفال | الأطفال | 13/10/2015 | 211.2/حبش | PLD00355738 | 28/07/2025 | 13/10/2015 | كتب | ||||||
| Dewey Decimal Classification | مكتبة صويلح العامة | مكتبة صويلح العامة | الإعارة | 28/07/2025 | 884431 | 211.2/حبش | 884431 | 28/07/2025 | 28/07/2025 | كتب |